Vista normal
Vista MARC
Entrada Personal Name
Número de registros utilizados en: 1
001 - CONTROL NUMBER
- control field: 40524
003 - CONTROL NUMBER IDENTIFIER
- control field: OSt
005 - DATE AND TIME OF LATEST TRANSACTION
- control field: 20210916094202.0
008 - FIXED-LENGTH DATA ELEMENTS
- fixed length control field: 210916|| aca||aabn | a|a d
040 ## - CATALOGING SOURCE
- Original cataloging agency: OSt
- Transcribing agency: OSt
100 ## - HEADING--PERSONAL NAME
- Personal name: Hanke, Steve H
670 ## - SOURCE DATA FOUND
- Source citation: Work cat.: (OSt)12481: Hanke, Steve H. autor, Privatización y desarrollo / , 1989 (reimpr1991)